Practical manual of bryophyta (Record no. 135)
[ view plain ]
| 000 -LEADER | |
|---|---|
| fixed length control field | 00386nam a22001457a 4500 |
| 020 ## - ISBN | |
| International Standard Book Number | 8126106441 |
| 050 ## - LIBRARY OF CONGRESS CALL NUMBER | |
| Classification Number | QK533.6 |
| Item Number | .R25 2004 |
| 100 ## - MAIN ENTRY--Author | |
| Personal name | Rajan, S. Sundara |
| Titles and other words associated with a name | Dr |
| 245 ## - TITLE | |
| Title | Practical manual of bryophyta |
| Statement of responsibility, etc | Dr. S. Sundara Rajan |
| 250 ## - EDITIONSTATEMENT | |
| Edition statement | 1st ed. |
| 260 ## - PUBLICATION, DISTRIBUTION, ETC.(IMPRINT) | |
| Place of publication, distribution, etc | New Delhi, India : |
| Name of publisher, distributor, etc | Anmol Publications Pvt Ltd : |
| Date of publication, distribution, etc | 2004 |
| 300 ## - PHYSICAL DESCRIPTION | |
| Extent | 113 pgs. |
| 650 ## - SUBJECT--TOPIC | |
| Topical term following geographic name as entry element | Bryophytes |
| 942 ## - ADDED ENTRY ELEMENTS(KOHA) | |
| Koha item type | General circulation |
| Source of classification or shelving scheme | Not for loan | Location (home branch) | Sublocation (holding branch) | Date accessioned | Cost, normal purchase price | Full call number | Barcode | Cost, replacement price | Koha item type |
|---|---|---|---|---|---|---|---|---|---|
| Library of Congress Classification | Main Campus Library | Main Campus Library | 07/05/2014 | 1500.00 | QK 533.6 .R25 2004 | 2019/023074 | 2000.00 | General circulation |